[Event "Gatineau Service des Loisirs"]
[Site "Gatineau"]
[Date "2012.10.23"]
[Round "2"]
[White "Laurin, Jacques"]
[Black "Lecorre, Joel"]
[Result "1-0"]
[WhiteElo "1868"]
[BlackElo "1593"]
[PlyCount "31"]
[EventDate "2012.10.16"]
[EventType "swiss"]
[EventRounds "4"]
[EventCountry "CAN"]
[SourceTitle "EXT 2022"]
[Source "ChessBase"]
[SourceDate "2021.10.06"]
[SourceVersion "1"]
[SourceVersionDate "2021.10.06"]
[SourceQuality "1"]

1. c4 Nf6 2. g3 c6 3. Bg2 e6 4. e4 d5 5. cxd5 exd5 6. e5 Ng8 7. d4 Ne7 8. Nf3 h6 9. 0-0 Bg4 10. Qb3 Qb6 11. Qd3 Nd7 12. Nc3 Nf5 13. h3 Bxf3 14. Qxf5 Bxg2 15. e6 Bxf1 16. Qxf7+ 1-0

[Event "Gatineau Defi Nez-A"]
[Site "Gatineau"]
[Date "2009.12.15"]
[Round "5"]
[White "Laurin, Jacques"]
[Black "Cossette, Daniel"]
[Result "1-0"]
[WhiteElo "1877"]
[BlackElo "2102"]
[PlyCount "81"]
[EventDate "2009.11.17"]
[EventType "tourn"]
[EventRounds "5"]
[EventCountry "CAN"]
[SourceTitle "EXT 2011"]
[Source "ChessBase"]
[SourceDate "2010.11.26"]
[SourceVersion "1"]
[SourceVersionDate "2010.11.26"]
[SourceQuality "1"]

1. c4 e6 2. g3 d5 3. cxd5 exd5 4. Bg2 c5 5. e3 Nc6 6. Ne2 Nf6 7. Nf4 Bf5 8. a3 Be7 9. Qb3 Na5 10. Qa4+ Bd7 11. Qc2 Bc6 12. d3 c4 13. Nd2 b5 14. b4 cxd3 15. Nxd3 Nc4 16. Nxc4 bxc4 17. Ne5 Qd6 18. Bb2 a5 19. Rd1 axb4 20. Nxc4 Qc5 21. Bd4 Qb5 22. Ne5 Bb7 23. Bf1 Qa5 24. axb4 Bxb4+ 25. Ke2 0-0 26. Kf3 Rfc8 27. Qf5 Bc3 28. Rb1 Bxd4 29. Rxb7 Bxe5 30. Qxe5 Qd2 31. Rb2 Qd1+ 32. Kg2 Ra1 33. Rb8 Rac1 34. Rxc8+ Rxc8 35. Ba6 Qc2 36. Bxc8 Qxc8 37. Rc1 Qa8 38. Ra1 Qb7 39. Qc7 Qb5 40. Ra8+ Ne8 41. Qe7 1-0

[Event "Gatineau Maisonneuve Memorial"]
[Site "Gatineau"]
[Date "2009.10.20"]
[Round "2"]
[White "Laurin, Jacques"]
[Black "Arsenault, Yves"]
[Result "1-0"]
[WhiteElo "1845"]
[BlackElo "1450"]
[PlyCount "49"]
[EventDate "2009.10.13"]
[EventType "swiss"]
[EventRounds "5"]
[EventCountry "CAN"]
[SourceTitle "EXT 2011"]
[Source "ChessBase"]
[SourceDate "2010.11.26"]
[SourceVersion "1"]
[SourceVersionDate "2010.11.26"]
[SourceQuality "1"]

1. c4 e5 2. g3 Nc6 3. Bg2 Nf6 4. e3 e4 5. Ne2 d6 6. Nbc3 Bf5 7. 0-0 Be7 8. Qc2 Nb4 9. Qa4+ Nc6 10. Qb5 Qc8 11. Nd4 Bd7 12. Qb3 Nxd4 13. exd4 Bf5 14. Re1 0-0 15. d3 c6 16. dxe4 Bh3 17. Nd1 h6 18. e5 Bxg2 19. exf6 Bxf6 20. Kxg2 Bxd4 21. Bf4 Bc5 22. Ne3 Qc7 23. Qd3 f5 24. Nc2 Rad8 25. b4 1-0

[Event "Gatineau Fischer Memorial"]
[Site "Gatineau"]
[Date "2009.02.10"]
[Round "4"]
[White "Laurin, Jacques"]
[Black "Lavergne, Daniel"]
[Result "1-0"]
[WhiteElo "1829"]
[BlackElo "1624"]
[PlyCount "113"]
[EventDate "2009.01.20"]
[EventType "swiss"]
[EventRounds "6"]
[EventCountry "CAN"]
[SourceTitle "EXT 2011"]
[Source "ChessBase"]
[SourceDate "2010.11.26"]
[SourceVersion "1"]
[SourceVersionDate "2010.11.26"]
[SourceQuality "1"]

1. c4 Nf6 2. Nc3 g6 3. g3 Bg7 4. Bg2 0-0 5. e3 Nc6 6. d4 b6 7. Nge2 Bb7 8. b4 a6 9. Rb1 Ra7 10. 0-0 Qa8 11. Nd5 Nxd5 12. cxd5 Nd8 13. e4 c6 14. d6 exd6 15. Bf4 a5 16. Bxd6 Re8 17. Bc7 axb4 18. Rxb4 Rxa2 19. Nc3 Ra3 20. Nb1 Ra1 21. d5 cxd5 22. exd5 Ba6 23. Re1 Rxe1+ 24. Qxe1 Nb7 25. Re4 Bf8 26. Be5 Bd3 27. Bxa1 Qxa1 28. Nc3 Qxe1+ 29. Rxe1 Nd6 30. Ne4 Nxe4 31. Bxe4 Bc4 32. Ra1 f5 33. Bg2 Bc5 34. Ra7 d6 35. h4 b5 36. Rb7 b4 37. g4 Ba6 38. Rb8+ Kg7 39. g5 h6 40. Bf1 Bxf1 41. Kxf1 hxg5 42. hxg5 Kf7 43. Rb7+ Kf8 44. Ke2 Kg8 45. f4 Kf8 46. Kd3 Kg8 47. Rd7 Kf8 48. Kc4 Kg8 49. Kb5 b3 50. Kc6 b2 51. Rb7 Ba3 52. Kd7 Kf7 53. Rb8 Kg7 54. Ke6 Kh7 55. Rb7+ Kh8 56. Kf6 Bc5 57. Kxg6 1-0

[Event "Gatineau Defi Nez rouge A"]
[Site "Gatineau"]
[Date "2008.11.25"]
[Round "1"]
[White "Laurin, Jacques"]
[Black "Szalay, Karoly"]
[Result "0-1"]
[WhiteElo "1882"]
[BlackElo "2202"]
[PlyCount "74"]
[EventDate "2008.11.25"]
[EventType "tourn"]
[EventRounds "5"]
[EventCountry "CAN"]
[SourceTitle "EXT 2022"]
[Source "ChessBase"]
[SourceDate "2021.10.06"]
[SourceVersion "1"]
[SourceVersionDate "2021.10.06"]
[SourceQuality "1"]

1. c4 c5 2. Nc3 Nc6 3. g3 g6 4. Bg2 Bg7 5. e3 e5 6. Nge2 Nge7 7. 0-0 d6 8. a3 Be6 9. Nd5 Rb8 10. Nec3 a6 11. b4 0-0 12. Rb1 cxb4 13. axb4 b5 14. Nxe7+ Nxe7 15. cxb5 axb5 16. Qe2 Qb6 17. Bb2 f5 18. Rfc1 Rfc8 19. Bf1 Bc4 20. d3 Bf7 21. Bg2 Rc7 22. Ra1 Rbc8 23. Ra8 Rxa8 24. Bxa8 d5 25. d4 Ra7 26. Bxd5 Nxd5 27. Qxb5 Qxb5 28. Nxb5 Ra8 29. dxe5 Nxb4 30. Rc7 Nd3 31. e6 Bxb2 32. exf7+ Kf8 33. f4 Rd8 34. Na7 Nb4 35. Rb7 Bc3 36. Nb5 Bd2 37. Kf2 Nd5 0-1

[Event "Gatineau Maisonneuve Memorial"]
[Site "Gatineau"]
[Date "2008.10.21"]
[Round "1"]
[White "Sabourin, Yves"]
[Black "Laurin, Jacques"]
[Result "0-1"]
[WhiteElo "1255"]
[BlackElo "1834"]
[PlyCount "96"]
[EventDate "2008.10.21"]
[EventType "swiss"]
[EventRounds "5"]
[EventCountry "CAN"]
[SourceTitle "EXT 2011"]
[Source "ChessBase"]
[SourceDate "2010.11.26"]
[SourceVersion "1"]
[SourceVersionDate "2010.11.26"]
[SourceQuality "1"]

1. d4 Nf6 2. c4 g6 3. Nc3 c6 4. e4 d6 5. Nf3 Qa5 6. a3 Nxe4 7. b4 Nxc3 8. bxa5 Nxd1 9. Kxd1 Bg4 10. Rb1 Bg7 11. d5 cxd5 12. cxd5 0-0 13. Rxb7 Nd7 14. Be3 Rfb8 15. a6 Ne5 16. Be2 Nxf3 17. Bxf3 Bxf3+ 18. gxf3 Rxb7 19. axb7 Rb8 20. Bxa7 Rxb7 21. Be3 Rb5 22. Ke2 Rb2+ 23. Kd3 Rb3+ 24. Kc4 Rxa3 25. Rb1 f5 26. Rb3 Ra1 27. Bg5 Kf7 28. Re3 Ra7 29. h4 f4 30. Re4 Be5 31. Bxf4 Ra4+ 32. Kd3 Ra3+ 33. Ke2 Kf6 34. Bxe5+ dxe5 35. Re3 Ra2+ 36. Kf1 Rd2 37. Re4 Rxd5 38. Kg2 Rd4 39. Kg3 Kf5 40. Re3 Rd1 41. Kg2 e6 42. Re4 Rd4 43. Kg3 Rxe4 44. fxe4+ Kxe4 45. Kg4 h6 46. Kg3 h5 47. Kg2 Kf4 48. f3 e4 0-1

[Event "Gatineau Hull CC 29 Ann-B"]
[Site "Gatineau"]
[Date "2008.10.07"]
[Round "5"]
[White "Laurin, Jacques"]
[Black "Lavergne, Daniel"]
[Result "1/2-1/2"]
[WhiteElo "1819"]
[BlackElo "1606"]
[PlyCount "79"]
[EventDate "2008.09.09"]
[EventType "swiss"]
[EventRounds "5"]
[EventCountry "CAN"]
[SourceTitle "EXT 2022"]
[Source "ChessBase"]
[SourceDate "2021.10.06"]
[SourceVersion "1"]
[SourceVersionDate "2021.10.06"]
[SourceQuality "1"]

1. c4 b6 2. Nc3 Bb7 3. e4 g6 4. d4 Bg7 5. Nf3 Nh6 6. Bf4 f5 7. Bxh6 Bxh6 8. exf5 gxf5 9. Ne5 0-0 10. Qh5 Bg7 11. Bd3 e6 12. Ng4 Bxd4 13. Nh6+ Kg7 14. Nb5 Qf6 15. Ng4 Qg6 16. Qxg6+ hxg6 17. Nxd4 fxg4 18. Nb5 Na6 19. 0-0 Rh8 20. Nd4 Nc5 21. Be2 Raf8 22. b4 Ne4 23. Bxg4 Nd2 24. Rfc1 Rf4 25. Nxe6+ dxe6 26. Bxe6 Rhf8 27. f3 Bxf3 28. gxf3 Nxf3+ 29. Kg2 Nd4 30. Re1 Rf2+ 31. Kg1 Ne2+ 32. Kh1 Rh8 33. h3 Nf4 34. Kg1 Rc2 35. Rad1 Nxh3+ 36. Bxh3 Rxh3 37. Re7+ Kh6 38. Rxc7 Rg3+ 39. Kh1 Rh3+ 40. Kg1 1/2-1/2

[Event "Quebec-ch qual"]
[Site "Gatineau"]
[Date "2008.03.18"]
[Round "2"]
[White "Cossette, Daniel"]
[Black "Laurin, Jacques"]
[Result "1-0"]
[WhiteElo "2116"]
[BlackElo "1819"]
[PlyCount "65"]
[EventDate "2008.03.11"]
[EventType "swiss"]
[EventRounds "5"]
[EventCountry "CAN"]
[SourceTitle "EXT 2011"]
[Source "ChessBase"]
[SourceDate "2010.11.26"]
[SourceVersion "1"]
[SourceVersionDate "2010.11.26"]
[SourceQuality "1"]

1. e4 d6 2. d4 Nf6 3. Nc3 c6 4. f4 Qa5 5. Bd2 Qb6 6. Nf3 Qxb2 7. Rb1 Qa3 8. Rb3 Qa5 9. e5 Nd5 10. Nxd5 Qxd5 11. c4 Qe4+ 12. Re3 Qxf4 13. Bd3 dxe5 14. Rxe5 Qf6 15. c5 h6 16. 0-0 Nd7 17. Re2 Nxc5 18. dxc5 Qb2 19. Bc4 e6 20. Be3 Qc3 21. Qd4 Qxd4 22. Bxd4 Be7 23. Bxg7 Bxc5+ 24. Kh1 Rg8 25. Bxh6 b5 26. Bd3 f6 27. Rc2 Be7 28. Rxc6 Bd7 29. Rc2 Bd6 30. Be4 Rb8 31. Bc6 Rg6 32. Be3 a5 33. Rd1 1-0

[Event "Gatineau Monarque blanc"]
[Site "Gatineau"]
[Date "2007.01.16"]
[Round "1"]
[White "Laurin, Jacques"]
[Black "Kennedy, Philip"]
[Result "1-0"]
[WhiteElo "1791"]
[BlackElo "1285"]
[PlyCount "103"]
[EventDate "2007.01.16"]
[EventType "swiss"]
[EventRounds "7"]
[EventCountry "CAN"]
[SourceTitle "EXT 2022"]
[Source "ChessBase"]
[SourceDate "2021.10.06"]
[SourceVersion "1"]
[SourceVersionDate "2021.10.06"]
[SourceQuality "1"]

1. c4 e5 2. Nc3 Nf6 3. Nf3 Nc6 4. g3 Be7 5. Bg2 0-0 6. 0-0 d5 7. cxd5 Nxd5 8. Qc2 Be6 9. a3 Qd7 10. b4 Bf6 11. Ne4 Bf5 12. Qc4 a6 13. Nc5 Qe7 14. Qxd5 Rad8 15. Qa2 e4 16. Ne1 Bxa1 17. Qxa1 Nd4 18. e3 Ne2+ 19. Kh1 c6 20. f3 Nxc1 21. Qxc1 exf3 22. Bxf3 Rd6 23. Bg2 Bc8 24. Qc2 Rfd8 25. Nf3 b6 26. Ne4 Bf5 27. Nd4 Bxe4 28. Bxe4 g6 29. Nxc6 Rxc6 30. Bxc6 Qd6 31. d4 Qe6 32. Qc3 b5 33. e4 Rc8 34. Rc1 h5 35. e5 Qf5 36. Kg2 h4 37. Rf1 h3+ 38. Kg1 Qg5 39. Qf3 Rf8 40. e6 f5 41. d5 Qe7 42. Qe3 g5 43. Qc5 Qf6 44. e7 Re8 45. Bxe8 Qb2 46. Bf7+ Kg7 47. e8N+ Kh7 48. Qf2 Qxf2+ 49. Rxf2 f4 50. gxf4 g4 51. f5 Kh6 52. d6 1-0

[Event "Gatineau Nez rouge A"]
[Site "Gatineau"]
[Date "2006.11.21"]
[Round "1"]
[White "Laurin, Jacques"]
[Black "Szalay, Karoly"]
[Result "0-1"]
[WhiteElo "1811"]
[BlackElo "1865"]
[PlyCount "74"]
[EventDate "2006.11.21"]
[EventType "swiss"]
[EventRounds "5"]
[EventCountry "CAN"]
[SourceTitle "EXT 2022"]
[Source "ChessBase"]
[SourceDate "2021.10.06"]
[SourceVersion "1"]
[SourceVersionDate "2021.10.06"]
[SourceQuality "1"]

1. c4 c5 2. g3 Nc6 3. Bg2 g6 4. Nf3 Bg7 5. Nc3 e5 6. d3 Nge7 7. Ng5 d6 8. 0-0 h6 9. Nge4 f5 10. Nd2 0-0 11. Nf3 Be6 12. Bd2 Qd7 13. Qc1 Kh7 14. h4 a6 15. Kh2 Rab8 16. a4 Ng8 17. Rh1 Nf6 18. Kg1 Nh5 19. Bh3 f4 20. Bxe6 Qxe6 21. Ne4 Qg4 22. Kg2 fxg3 23. fxg3 Nd4 24. Qd1 b5 25. axb5 axb5 26. Ra7 bxc4 27. Rf1 d5 28. Nxe5 Qe6 29. Rxf8 Rxf8 30. Nd7 Rd8 31. Nexc5 Qg4 32. Qe1 Re8 33. e4 Qf3+ 34. Kh2 Ne2 35. Bxh6 Kxh6 36. Qd2+ Nhf4 37. gxf4 Qf2+ 0-1

[Event "Gatineau Roger Roy Memorial"]
[Site "Gatineau"]
[Date "2006.10.17"]
[Round "1"]
[White "Kennedy, Philip"]
[Black "Laurin, Jacques"]
[Result "0-1"]
[WhiteElo "1296"]
[BlackElo "1823"]
[PlyCount "64"]
[EventDate "2006.10.17"]
[EventType "swiss"]
[EventRounds "5"]
[EventCountry "CAN"]
[SourceTitle "EXT 2022"]
[Source "ChessBase"]
[SourceDate "2021.10.06"]
[SourceVersion "1"]
[SourceVersionDate "2021.10.06"]
[SourceQuality "1"]

1. Nf3 d6 2. g3 Nf6 3. Bg2 g6 4. 0-0 Bg7 5. c4 0-0 6. Nc3 c6 7. d3 Na6 8. e4 Bg4 9. h3 Bd7 10. Be3 Qc8 11. Kh2 Nh5 12. Qd2 f5 13. exf5 Bxf5 14. g4 Bxg4 15. hxg4 Qxg4 16. Qe2 Nc5 17. Bxc5 Nf4 18. Ne1 Qh4+ 19. Kg1 Nxe2+ 20. Nxe2 dxc5 21. Nf3 Rxf3 22. Bxf3 Be5 23. Ng3 Rf8 24. Kg2 Qf4 25. Be4 h5 26. Bxg6 h4 27. Kh3 hxg3 28. Kg2 Qf3+ 29. Kh3 g2+ 30. Kh4 Rf4+ 31. Kg5 Bf6+ 32. Kh6 Rh4+ 0-1

[Event "Gatineau Hull CC 27 Ann-A"]
[Site "Gatineau"]
[Date "2006.10.03"]
[Round "4"]
[White "Laurin, Jacques"]
[Black "Libersan, Mattieu"]
[Result "0-1"]
[WhiteElo "1858"]
[BlackElo "1911"]
[PlyCount "42"]
[EventDate "2006.09.12"]
[EventType "swiss"]
[EventRounds "5"]
[EventCountry "CAN"]
[SourceTitle "EXT 2022"]
[Source "ChessBase"]
[SourceDate "2021.10.06"]
[SourceVersion "1"]
[SourceVersionDate "2021.10.06"]
[SourceQuality "1"]

1. c4 b5 2. cxb5 e5 3. Nc3 Bb7 4. e3 Nf6 5. Nf3 e4 6. Nd4 c5 7. bxc6 Nxc6 8. Nxc6 Bxc6 9. Be2 Bd6 10. d4 exd3 11. Qxd3 Qc7 12. Bd2 0-0 13. Rc1 a6 14. Qf5 Rfe8 15. f4 Qb6 16. 0-0 Bc5 17. Nd1 Bxe3+ 18. Nxe3 Rxe3 19. Ba5 Qxb2 20. Rc2 Qd4 21. Kh1 Be4 0-1

[Event "Hull-ch"]
[Site "Gatineau"]
[Date "2004.02.17"]
[Round "2"]
[White "Groleau, Gilles"]
[Black "Laurin, Jacques"]
[Result "1-0"]
[WhiteElo "2189"]
[BlackElo "1849"]
[PlyCount "41"]
[EventDate "2004.02.??"]
[EventType "swiss"]
[EventRounds "5"]
[EventCountry "CAN"]
[SourceTitle "EXT 2005"]
[Source "ChessBase"]
[SourceDate "2004.11.15"]
[SourceVersion "1"]
[SourceVersionDate "2004.11.15"]
[SourceQuality "1"]

1. e4 d6 2. d4 Nf6 3. Nc3 g6 4. Nf3 Bg7 5. Be2 c6 6. 0-0 Nbd7 7. h3 b5 8. e5 dxe5 9. dxe5 Nh5 10. e6 fxe6 11. Ng5 Ne5 12. Bxh5 Qxd1 13. Bxd1 h6 14. Nf3 Ba6 15. Nxe5 Bxe5 16. Re1 Bxc3 17. bxc3 0-0-0 18. Ba3 Rd2 19. Rxe6 Rf8 20. Bf3 Bb7 21. Rxe7 1-0

[Event "Roland Gaudet Memorial"]
[Site "Hull"]
[Date "2004.02.03"]
[Round "5"]
[White "Arsenault, Yves"]
[Black "Laurin, Jacques"]
[Result "0-1"]
[WhiteElo "1597"]
[BlackElo "1843"]
[PlyCount "100"]
[EventDate "2004.01.06"]
[EventType "swiss"]
[EventRounds "5"]
[EventCountry "CAN"]
[SourceTitle "EXT 2005"]
[Source "ChessBase"]
[SourceDate "2004.11.15"]
[SourceVersion "1"]
[SourceVersionDate "2004.11.15"]
[SourceQuality "1"]

1. e4 e6 2. d4 c5 3. Nf3 cxd4 4. Nxd4 a6 5. Nd2 Bc5 6. c3 Nf6 7. Bd3 Nc6 8. N2b3 Ba7 9. f4 d5 10. e5 Nd7 11. Qg4 0-0 12. Rf1 Nc5 13. Nxc5 Bxc5 14. Nxc6 bxc6 15. f5 exf5 16. Bxf5 Bxf5 17. Rxf5 Qd7 18. Bh6 g6 19. Bxf8 Bxf8 20. Rf4 Qa7 21. Rf1 Re8 22. Qe2 Bg7 23. 0-0-0 Bxe5 24. Kb1 Qb7 25. Rf2 Re6 26. Qc2 Bxh2 27. Rh1 Qe7 28. Qd1 Bg3 29. Rff1 Re2 30. Rhg1 Qe4+ 31. Ka1 Rxg2 32. Rxg2 Qxg2 33. Rg1 Qf2 34. Rf1 Qe3 35. Rf3 Qe5 36. Qf1 f5 37. Qg1 f4 38. a3 g5 39. Rd3 Qe1+ 40. Qxe1 Bxe1 41. Rf3 Bg3 42. Kb1 h5 43. Kc1 g4 44. Rf1 Kg7 45. Kd1 Kg6 46. Ke2 Kg5 47. b3 Kf5 48. Kd3 Bh2 49. Rf2 g3 50. Rg2 f3 0-1

[Event "Gatineau op 11b"]
[Site "Gatineau"]
[Date "2003.12.09"]
[Round "4"]
[White "Laurin, Jacques"]
[Black "Roy, Roger"]
[Result "1-0"]
[WhiteElo "1863"]
[BlackElo "1742"]
[PlyCount "103"]
[EventDate "2003.11.28"]
[EventType "swiss"]
[EventRounds "5"]
[EventCountry "CAN"]
[SourceTitle "EXT 2008"]
[Source "ChessBase"]
[SourceDate "2007.11.25"]
[SourceVersion "1"]
[SourceVersionDate "2007.11.25"]
[SourceQuality "1"]

1. c4 e5 2. g3 Nf6 3. Bg2 c6 4. Nc3 Bb4 5. Nf3 d6 6. 0-0 0-0 7. d3 Re8 8. Bd2 d5 9. Nxd5 Nxd5 10. cxd5 Bxd2 11. Nxd2 cxd5 12. Qb3 Nc6 13. Qxd5 Be6 14. Qxd8 Raxd8 15. Bxc6 bxc6 16. Rfc1 Bg4 17. f3 Bd7 18. Ne4 f5 19. Nd6 Rf8 20. Rc5 Be6 21. Nb7 Rb8 22. Rxe5 Bxa2 23. Rxa2 Rxb7 24. Ra6 Rf6 25. Kf2 g6 26. b4 Kf7 27. Rea5 Rxb4 28. Rxa7+ Kg8 29. Ra8+ Kg7 30. R5a7+ Rf7 31. Rxf7+ Kxf7 32. Rc8 Rb6 33. Ke3 g5 34. Rc7+ Kg6 35. Kd4 f4 36. Kc5 Rb5+ 37. Kxc6 Re5 38. gxf4 gxf4 39. d4 Rxe2 40. d5 Rxh2 41. d6 Rd2 42. d7 Kf6 43. Kb7 Ke6 44. Kc8 Ke5 45. Rc5+ Ke6 46. d8Q Rxd8+ 47. Kxd8 Kf6 48. Rh5 Kg6 49. Rh4 h5 50. Rxf4 Kg5 51. Rf8 h4 52. Rh8 1-0

[Event "Gatineau op 11a"]
[Site "Gatineau"]
[Date "2003.11.18"]
[Round "1"]
[White "Laurin, Jacques"]
[Black "Groleau, Gilles"]
[Result "0-1"]
[WhiteElo "1863"]
[BlackElo "2173"]
[PlyCount "84"]
[EventDate "2003.11.18"]
[EventType "swiss"]
[EventRounds "5"]
[EventCountry "CAN"]
[SourceTitle "EXT 2008"]
[Source "ChessBase"]
[SourceDate "2007.11.25"]
[SourceVersion "1"]
[SourceVersionDate "2007.11.25"]
[SourceQuality "1"]

1. c4 Nf6 2. g3 c5 3. Bg2 Nc6 4. Nc3 e6 5. d3 Be7 6. e4 d6 7. f4 a6 8. e5 dxe5 9. Bxc6+ bxc6 10. fxe5 Nd7 11. Nf3 0-0 12. Ne4 Ra7 13. Be3 Qa5+ 14. Bd2 Qc7 15. Bc3 f6 16. exf6 Nxf6 17. Be5 Qa5+ 18. Qd2 Qxd2+ 19. Nfxd2 Rd7 20. Bxf6 gxf6 21. Ke2 Rfd8 22. Nf2 Rb7 23. Rab1 Bd7 24. Nb3 a5 25. Ne4 Rdb8 26. Nc3 Rb4 27. Nxa5 Rxb2+ 28. Ke3 f5 29. Nb3 Rc2 30. Na4 Be8 31. h4 Bh5 32. Rb2 Rxb2 33. Nxb2 Ra8 34. Ra1 Bf6 35. d4 Ra3 36. Nd3 Rxb3 37. axb3 Bxd4+ 38. Kf4 Bxa1 39. Nxc5 Kf7 40. Kg5 Bg4 41. Kh6 Bg7+ 42. Kg5 Bd4 0-1